00484 2200181 4500001002100000005001500021035002000036007000300056008004100059020002200100082001000122084001600132100002100148245006900169250001100238260002900249300002400278INLIS00000000000045720221107083322 a0010-1122000051ta221107 a 1 ind  a978-602-268-082-6 a028.5 a028.5 IMT k0 aImtihani Salimah1 aKisah Umar: Ayo Membaca :bAgar Lebih Cerdas /cImtihani Salimah aCet. I aJakarta :bLuxima,c2015 a42 halaman ;c20 cm